Agricultural economics and agribusiness (Record no. 62987)

MARC details
000 -LEADER
fixed length control field 00401nam a2200157Ia 4500
008 - FIXED-LENGTH DATA ELEMENTS--GENERAL INFORMATION
fixed length control field 230917s9999||||xx |||||||||||||| ||und||
040 ## - CATALOGING SOURCE
-- 44661
Original cataloging agency VIVEKANANDA LIBRARY
041 ## - Language
-- English
082 ## - DDC NUMBER
Classification number 338.10973 C848A
100 ## - MAIN ENTRY--PERSONAL NAME
Personal name Cramer, Gail L
245 #0 - TITLE STATEMENT
Title Agricultural economics and agribusiness
250 ## - EDITION STATEMENT
Edition statement 2nd ed.
260 ## - PUBLICATION, DISTRIBUTION, ETC. (IMPRINT)
Place of publication, distribution, etc New York
Name of publisher, distributor, etc John Wiley & Sons
Date of publication, distribution, etc 1982
300 ## - PHYSICAL DESCRIPTION
Pages xiii, 465 p.
942 ## - ADDED ENTRY ELEMENTS (KOHA)
Koha item type Books
Holdings
Withdrawn status Lost status Damaged status Not for loan Location (home branch) Sublocation or collection (holding branch) Date acquired Koha issues (times borrowed) Koha full call number Accession No. Koha date last seen Koha item type
        VIVEKANANDA LIBRARY VIVEKANANDA LIBRARY 21/11/2002   338.10973 C848A 134819 17/09/2023 Books
© Designed and Maintained by Vivekananda Library, MDU Rohtak